000 00233nam a2200097Ia 4500
008 230508s9999 xx 000 0 und d
041 _aeng
100 _aPONNU SWAMY S.
245 _aBRIDGE ENGINEERING
260 _bTATA MCGRAW HILL EDU
999 _c711494
_d711494